000
00164nam a2200073Ia 4500
008
170620s9999 xx 000 0 und d
100
_a
Pandey
245
0
_a
TEACHING OF MATHGMATICS
260
_b
OMEGA
999
_c
26697
_d
26697